[Event "CRO-chT 16th"]
[Site "Sibenik"]
[Date "2007.05.20"]
[Round "4"]
[White "Prlac, Vedran"]
[Black "Nakic, Zeljko"]
[Result "1/2-1/2"]
[WhiteElo "2118"]
[BlackElo "2177"]
[PlyCount "40"]
[EventDate "2007.05.17"]
[EventType "team"]
[EventRounds "5"]
[EventCountry "CRO"]
[SourceTitle "CBM 118 Extra"]
[Source "ChessBase"]
[SourceDate "2007.07.04"]
[SourceVersion "1"]
[SourceVersionDate "2007.07.04"]
[SourceQuality "1"]

1. Nf3 Nf6 2. d4 d5 3. c4 c6 4. cxd5 cxd5 5. Nc3 Nc6 6. Bf4 Ne4 7. Qb3 Nxc3 8. bxc3 e6 9. e3 Be7 10. Bd3 0-0 11. 0-0 b6 12. Qc2 h6 13. Ne5 Na5 14. c4 Ba6 15. cxd5 Bxd3 16. Qxd3 exd5 17. Rfc1 Bd6 18. Nc6 Nxc6 19. Rxc6 Bxf4 20. exf4 Qd7 1/2-1/2

[Event "CRO-chT 16th"]
[Site "Sibenik"]
[Date "2007.05.19"]
[Round "3"]
[White "Nakic, Zeljko"]
[Black "Pavicic, Zeljko"]
[Result "0-1"]
[WhiteElo "2177"]
[BlackElo "2393"]
[PlyCount "96"]
[EventDate "2007.05.17"]
[EventType "team"]
[EventRounds "5"]
[EventCountry "CRO"]
[SourceTitle "CBM 118 Extra"]
[Source "ChessBase"]
[SourceDate "2007.07.04"]
[SourceVersion "1"]
[SourceVersionDate "2007.07.04"]
[SourceQuality "1"]

1. e4 e6 2. d3 d5 3. Nd2 Nf6 4. Ngf3 b6 5. c3 Bb7 6. e5 Nfd7 7. g3 c5 8. Bg2 Nc6 9. Qe2 Qc7 10. d4 cxd4 11. cxd4 Nb4 12. 0-0 Ba6 13. Qd1 Qc2 14. Nb3 Bxf1 15. Qxf1 Qd3 16. a3 Qxf1+ 17. Bxf1 Nc6 18. Bd2 Rc8 19. Bd3 Be7 20. Ne1 0-0 21. f4 Rc7 22. Nf3 f6 23. Kg2 fxe5 24. fxe5 Rb8 25. Rc1 a5 26. Bg5 Bf8 27. Bb5 Rbc8 28. Ba6 Ra8 29. Bb5 Rac8 30. Ba6 Re8 31. Bb5 Ndb8 32. Be3 Rec8 33. Ng5 Nd8 34. Rb1 Rc2+ 35. Kf1 h6 36. Nh3 Be7 37. Bd3 R2c7 38. Nc1 Nf7 39. Ne2 Nd7 40. Nhf4 Nf8 41. Ba6 Rb8 42. Bb5 Rbc8 43. Ba6 Ra8 44. Bb5 Bg5 45. Nc3 Bxf4 46. Bxf4 Ng6 47. Bd2 Ng5 48. Be3 Rf8+ 0-1

[Event "CRO-chT2"]
[Site "Pula"]
[Date "2000.09.17"]
[Round "7"]
[White "Nakic, Zeljko"]
[Black "Krstic, Uros"]
[Result "0-1"]
[WhiteElo "2104"]
[BlackElo "2375"]
[PlyCount "72"]
[EventDate "2000.09.??"]
[EventType "team-swiss"]
[EventRounds "7"]
[EventCountry "CRO"]
[SourceTitle "EXT 2001"]
[Source "ChessBase"]
[SourceDate "2000.11.22"]
[SourceVersion "1"]
[SourceVersionDate "2000.11.22"]
[SourceQuality "1"]

1. d4 Nf6 2. c4 g6 3. Nc3 Bg7 4. e4 d6 5. Nf3 0-0 6. Be2 e5 7. d5 a5 8. Bg5 h6 9. Bh4 Na6 10. 0-0 Bd7 11. Ne1 Qb8 12. Nd3 Nb4 13. Re1 Nh7 14. a3 Nxd3 15. Qxd3 a4 16. f3 Bf6 17. Bf2 b6 18. Reb1 h5 19. b4 axb3 20. Rxb3 Qd8 21. a4 Bh4 22. g3 Be7 23. h4 f5 24. exf5 gxf5 25. Nb5 Rf7 26. Rba3 f4 27. Qg6+ Rg7 28. Qh6 Nf8 29. Bd3 Bxh4 30. Qxh5 Be8 31. Qh6 Bg5 32. Qh3 fxg3 33. Be1 Qf6 34. R1a2 Be3+ 35. Kg2 Bg6 36. Bxg6 Nxg6 0-1

[Event "CRO-chT2"]
[Site "Pula"]
[Date "2000.09.11"]
[Round "1"]
[White "Nakic, Zeljko"]
[Black "Bozanic, Ivica"]
[Result "0-1"]
[WhiteElo "2104"]
[BlackElo "2248"]
[PlyCount "68"]
[EventDate "2000.09.??"]
[EventType "team-swiss"]
[EventRounds "7"]
[EventCountry "CRO"]
[SourceTitle "EXT 2001"]
[Source "ChessBase"]
[SourceDate "2000.11.22"]
[SourceVersion "1"]
[SourceVersionDate "2000.11.22"]
[SourceQuality "1"]

1. d4 Nf6 2. c4 e5 3. dxe5 Ng4 4. Nf3 Nc6 5. e3 Ngxe5 6. Be2 Bb4+ 7. Nbd2 Nxf3+ 8. Bxf3 Ne5 9. Be2 a5 10. 0-0 0-0 11. Nf3 Nxf3+ 12. Bxf3 Ra6 13. a3 Bc5 14. b3 Qe7 15. Bb2 Rh6 16. g3 d6 17. Qd3 Qg5 18. Bg2 Bh3 19. Bxh3 Rxh3 20. Qe4 Qh6 21. Qg2 Rh5 22. Rad1 c6 23. a4 f5 24. Bd4 Bb4 25. c5 d5 26. h4 Re8 27. Rd3 Re6 28. Rfd1 Rxh4 29. Be5 Re4 30. Bf4 g5 31. f3 gxf4 32. fxe4 dxe4 33. Rd4 fxg3 34. Qe2 Bxc5 0-1